000
00196 a2200097 4500
001
10520
100
_a
Wexler, C
245
_a
Analytic geom
260
_a
_b
Addison-Wesly
_c
090
_c
8135
_d
8135
942
_a
NUST-CAE
_c
M
_c
34862
999
_c
245593
_d
245593